000 00622nam a22002297a 4500
003 UA-OsUOA
001 67646
007 ta
008 20100305b un ||||| |||| 00| 0 ukr d
090 _a343.2(470+571)
_bУ26
942 _cBK
040 _aUA-OsUOA
_brus
_cUA-OsUOA
_dUA-OsUOA
245 _aУголовное право России
_bУчебное пособие
300 _a137 с.
955 _a2
041 _arus
080 _a343.2(470+571)
020 _a5-89251-010-7
260 _aМ.
_c1997
650 7 _a343 Кримінальне право. Карні порушення
_2UDC
999 _c353666
_d353666